000 00586 a2200229 4500
005 20260204152007.0
008 260204b |||||||| |||| 00| 0 eng d
020 _a9781319154134
_c£ 82.99
040 _aMAIN
082 _a574.88
_bC839M(2)
100 _aCox, Michael M
245 _aMolecular biology: Principles and practice
250 _a2nd
260 _bMacmillan Education
_c2015
_aNew York
300 _av.
650 _aBiology
650 _aMolecular Biology
650 _aGenomics
700 _aDoudna, Jennifer A
700 _aDonnell, Michael O
942 _cBK
999 _c395180
_d395180